Religion in society: Social dimension of buddhism Hinduism and Jainism in india (Record no. 394869)

MARC details
000 -LEADER
fixed length control field 00563 a2200205 4500
005 - DATE & TIME
control field 20260428141140.0
008 - FIXED-LENGTH DATA ELEMENTS--GENERAL INFORMATION
fixed length control field 260428b |||||||| |||| 00| 0 eng d
020 ## - ISBN
International Standard Book Number 9789394262768
Price Rs.1350.00
040 ## - CATALOGING SOURCE
Original cataloging agency VIVEKANANDA LIBRARY
082 ## - DDC NUMBER
Classification number 306.6
Book Number P886R
100 ## - MAIN ENTRY--PERSONAL NAME
Personal name Prasad, Birendra Nath
245 ## - TITLE STATEMENT
Title Religion in society: Social dimension of buddhism Hinduism and Jainism in india
260 ## - PUBLICATION, DISTRIBUTION, ETC. (IMPRINT)
Name of publisher, distributor, etc Manohar Publishers
Date of publication, distribution, etc 2025
Place of publication, distribution, etc New Delhi
300 ## - PHYSICAL DESCRIPTION
Pages 225
650 ## - Subject
Subject Social Sciences
650 ## - Subject
Subject Culture
650 ## - Subject
Subject Religion
650 ## - Subject
Subject Hinduism
942 ## - ADDED ENTRY ELEMENTS (KOHA)
Koha item type Books
Holdings
Withdrawn status Lost status Source of classification or shelving scheme Damaged status Not for loan Location (home branch) Sublocation or collection (holding branch) Shelving location Date acquired Koha issues (times borrowed) Koha full call number Accession No. Koha date last seen Koha item type
    Dewey Decimal Classification     VIVEKANANDA LIBRARY VIVEKANANDA LIBRARY Vivekananda Library 05/02/2026   306.6 P886R 438197 05/02/2026 Books
© Designed and Maintained by Vivekananda Library, MDU Rohtak